000 01402nam a22002897a 4500
001 6531
003 FISKH
005 20250508101008.0
008 250508b cb ||||| |||| 00| 0 eng d
020 _a9781407157511
040 _aFISKH
_beng
_cFISKH
_dFISKH
050 _aPZ7.S86037 S
082 _a 813.54
100 _aStine, R.L
_d(1943-)
245 _aGoosebumps :
_bThe scarecrow walks at midnight /
_cR.L. Stine
250 _aThis edition first published in 1994
260 _aLondon :
_bScholastic,
_c1994
300 _a122 pages :
_c20 cm
505 _aN
520 _aJuvenile Fiction. Juvenile Literature. HTML:The best-selling scare series of all time brings you a thrilling repackage of the field of screams! Jodie loves visiting her grandparents' farm. Okay, so it's not the most exciting place in the world. Still, Grandpa tells great scary stories. And Grandma's chocolate chip cookies are the best. But this summer the farm has really changed. The cornfields are sparse. Grandma and Grandpa seem worn out. And the single scarecrow has been replaced by twelve evil-looking ones. Then one night Jodie sees something really odd. The scarecrows seem to be moving. Twitching on their stakes. Coming alive...
521 8 _a540
_bLexile
521 8 _aN
_bRaz-Plus
650 _2Goosebumps
_aHorror
650 _2Young adult
_aScary
942 _2ddc
_cBK
_n0
999 _c6531
_d6531